000 00328nam a2200133 i 4500
001 bg
100 1 _aKONOPIŃSKI, Marian
245 0 _aElektronika w technice motoryzacyjnej /
_cMarian Konopiński.
260 _aWarszawa,
_c1977.
040 _cBPK
041 _apol
942 _cKS
008 s pl f |000 0 pol
999 _c17390
_d17390
856 _uhttp://koha.tu.koszalin.pl/cgi-bin/koha/opac-detail.pl?biblionumber=17390
_yKatalog online BPK